[Event "Open Letní Praha 2018 - A"]
[Site "Praha"]
[Date "2018.08.08"]
[Round "7"]
[Board "19"]
[White "Machala, Vladislav"]
[Black "Sprenar, Petr"]
[Result "0-1"]
[WhiteElo "2020"]
[BlackElo "2210"]
[PlyCount "118"]
[EventDate "2018.08.03"]
[EventRounds "9"]
[EventCountry "CZE"]

1. g3 e6 2. c4 d5 3. Nf3 d4 4. Bg2 Nf6 5. O-O Nc6 6. d3 Bc5 7. Bg5 h6 8. Bxf6
Qxf6 9. Nbd2 Qd8 10. a3 a5 11. Ne4 Be7 12. b4 axb4 13. axb4 Rxa1 14. Qxa1 Bxb4
15. e3 f5 16. Nxd4 Nxd4 17. exd4 O-O 18. Rb1 Be7 19. Nd2 Bg5 20. Nb3 Bf6 21.
Qa7 b6 22. d5 f4 23. Be4 exd5 24. cxd5 Be5 25. Qa2 Qf6 26. Qe2 Bd6 27. Nd2 Bc5
28. Bf3 fxg3 29. hxg3 g5 30. Rf1 Bb4 31. Be4 Qb2 32. Rd1 Bc5 33. Rf1 Bb4 34.
Rd1 Bd7 35. Qh5 Qf6 36. Qe2 Ba4 37. Rf1 Qb2 38. Qh5 Bxd2 39. Qxh6 Qg7 40. Qh5
Be8 41. Qe2 Bb4 42. d4 Bd6 43. Kg2 Bg6 44. Qd3 Bxe4+ 45. Qxe4 Qf7 46. f4 Qf5
47. Qf3 g4 48. Qe3 Qxd5+ 49. Kg1 Kf7 50. Rf2 Rh8 51. Rg2 Re8 52. Qd3 Re1+ 53.
Kf2 Re4 54. Rh2 Qxd4+ 55. Qxd4 Rxd4 56. Rh4 b5 57. Rxg4 b4 58. Rg5 b3 59. Rb5
Rb4  0-1

[Event "Open Letní Praha 2018 - A"]
[Site "Praha"]
[Date "2018.08.08"]
[Round "7"]
[Board "20"]
[White "Kizatbay, Abyl"]
[Black "Sorensen, Simen"]
[Result "1-0"]
[WhiteElo "2205"]
[BlackElo "1906"]
[PlyCount "81"]
[EventDate "2018.08.03"]
[EventRounds "9"]
[EventCountry "CZE"]

1. e4 c5 2. Nf3 e6 3. d4 cxd4 4. Nxd4 Nc6 5. Nc3 Qc7 6. Be3 a6 7. Bd3 Nf6 8.
O-O Ne5 9. h3 Bc5 10. Kh1 d6 11. f4 Ng6 12. Qe1 O-O 13. Nb3 Bxe3 14. Qxe3 b5
15. a3 Bb7 16. Rad1 Rac8 17. f5 Ne5 18. Qg5 h6 19. Qg3 Qe7 20. Nd4 Nc4 21. Bxc4
Rxc4 22. fxe6 fxe6 23. e5 dxe5 24. Qxe5 Re8 25. Rfe1 Qf7 26. Rd2 Nd7 27. Qe2 e5
28. Nb3 Qf5 29. Na5 Rc7 30. Nxb7 Rxb7 31. Ne4 Rb6 32. Nd6 Qf8 33. Nxe8 Qxe8 34.
Qd3 Nf6 35. Qd8 Re6 36. Qxe8+ Nxe8 37. Rde2 Nf6 38. Rxe5 Rc6 39. R1e2 Kf7 40.
Re7+ Kg6 41. R7e6  1-0

[Event "Open Letní Praha 2018 - A"]
[Site "Praha"]
[Date "2018.08.08"]
[Round "7"]
[Board "21"]
[White "Novak, Vaclav"]
[Black "Skalsky, Alexandr"]
[Result "0-1"]
[WhiteElo "1932"]
[BlackElo "2177"]
[PlyCount "70"]
[EventDate "2018.08.03"]
[EventRounds "9"]
[EventCountry "CZE"]

1. e4 c5 2. f4 d5 3. exd5 Nf6 4. c4 e6 5. dxe6 Bxe6 6. Nf3 Nc6 7. Be2 Qc7 8.
Nc3 O-O-O 9. O-O a6 10. b3 Bd6 11. g3 h5 12. d3 Bh3 13. Rf2 Ng4 14. Nd5 Nxf2
15. Kxf2 Qb8 16. Nb6+ Kc7 17. Nd5+ Kc8 18. Nb6+ Kc7 19. Nd5+ Kd7 20. Ng5 Be6
21. f5 Bxd5 22. cxd5 Nd4 23. Nxf7 h4 24. Nxd6 Qxd6 25. Bf4 Qxd5 26. Qg1 Qxf5
27. Qg2 Kc8 28. Rc1 Nxe2 29. Kxe2 Rhe8+ 30. Kf2 g5 31. b4 Rd5 32. Qxd5 Qxd5 33.
Rxc5+ Qxc5+ 34. bxc5 gxf4 35. gxf4 Kd7  0-1

[Event "Open Letní Praha 2018 - A"]
[Site "Praha"]
[Date "2018.08.08"]
[Round "7"]
[Board "23"]
[White "Husek, Martin"]
[Black "Zhukenov, Aituar"]
[Result "1/2-1/2"]
[WhiteElo "2174"]
[BlackElo "2025"]
[PlyCount "81"]
[EventDate "2018.08.03"]
[EventRounds "9"]
[EventCountry "CZE"]

1. e4 e6 2. d4 d5 3. Nd2 c5 4. Ngf3 cxd4 5. Nxd4 Nf6 6. e5 Nfd7 7. f4 Nxe5 8.
Nxe6 Bxe6 9. fxe5 Nc6 10. Nf3 Bc5 11. Bd3 Bg4 12. c3 Nxe5 13. Bb5+ Nc6 14. Qa4
Bd7 15. Bg5 Be7 16. Qh4 Bxg5 17. Qxg5 Qxg5 18. Nxg5 h6 19. Nf3 O-O-O 20. O-O
Rhe8 21. Rae1 Kc7 22. Bxc6 bxc6 23. Ne5 f6 24. Nd3 Kd6 25. b4 Rxe1 26. Rxe1 Re8
27. Rxe8 Bxe8 28. Kf2 Bg6 29. Nc5 Ke5 30. Ke3 Bf5 31. Na6 g5 32. Nb8 Kd6 33.
Na6 Ke5 34. Nb8 Kd6 35. Na6 Be4 36. g3 f5 37. Nc5 Ke5 38. Nd7+ Kd6 39. Nc5 Ke5
40. Nd7+ Kd6 41. Nc5  1/2-1/2

[Event "Open Letní Praha 2018 - A"]
[Site "Praha"]
[Date "2018.08.08"]
[Round "7"]
[Board "24"]
[White "Engesser, Jonas"]
[Black "Chmel, Kristian"]
[Result "1-0"]
[WhiteElo "2007"]
[BlackElo "2166"]
[PlyCount "83"]
[EventDate "2018.08.03"]
[EventRounds "9"]
[EventCountry "CZE"]

1. e4 c5 2. Nf3 d6 3. d4 cxd4 4. Nxd4 Nf6 5. Nc3 a6 6. Be3 e5 7. Nb3 Be6 8. Qd2
Be7 9. f4 Nbd7 10. f5 Bxb3 11. axb3 Nc5 12. Bc4 O-O 13. Bd5 Nxd5 14. Qxd5 Rc8
15. Qd2 Re8 16. O-O Bf8 17. b4 Nd7 18. Nd5 Qh4 19. Qd3 Nf6 20. g3 Qg4 21. Nxf6+
gxf6 22. c3 Rc7 23. Kg2 d5 24. exd5 Bd6 25. h3 Qg7 26. Bb6 Rd7 27. Qe4 h5 28.
c4 Bxb4 29. c5 Bd2 30. Rad1 Bf4 31. Rxf4 exf4 32. Qxe8+ Kh7 33. Qe1 Re7 34. Qf2
fxg3 35. Qf3 Qg5 36. c6 bxc6 37. dxc6 Re5 38. Qxg3 Qxf5 39. Qd3 Re4 40. Bd8 Kh6
41. c7 Qg5+ 42. Qg3  1-0

[Event "Open Letní Praha 2018 - A"]
[Site "Praha"]
[Date "2018.08.08"]
[Round "7"]
[Board "25"]
[White "Krivanek, Vladimir"]
[Black "Pribyl, Viktor"]
[Result "1/2-1/2"]
[WhiteElo "2147"]
[BlackElo "1983"]
[PlyCount "110"]
[EventDate "2018.08.03"]
[EventRounds "9"]
[EventCountry "CZE"]

1. f4 d5 2. Nf3 Bf5 3. b3 e6 4. Bb2 Nf6 5. e3 Bd6 6. Be2 h6 7. h3 c5 8. O-O Nc6
9. Ne5 Bxe5 10. fxe5 Nd7 11. d4 Qg5 12. Kh1 Qxe3 13. Rf3 Qg5 14. c3 Be4 15. Rf2
Qe3 16. Kg1 cxd4 17. cxd4 O-O 18. Qd2 Qxd2 19. Nxd2 Bg6 20. Nf3 Rfc8 21. Nh4
Be4 22. Raf1 Nd8 23. Bd1 Nf8 24. g4 Ng6 25. Ng2 Rc7 26. Ne3 Rac8 27. Kh2 Ne7
28. h4 Nec6 29. a3 a5 30. g5 hxg5 31. hxg5 Ne7 32. Kg3 Nf5+ 33. Nxf5 exf5 34.
Rh2 Ne6 35. Rff2 g6 36. Rh4 Kg7 37. Rfh2 Nxg5 38. a4 Re8 39. Kf2 Rcc8 40. Ba3
b6 41. Bd6 Rc1 42. Be2 Rc2 43. Ke1 Rb2 44. Bb5 Nf3+ 45. Kd1 Rxh2 46. Rxh2 Nxh2
47. Bxe8 Nf3 48. Bc7 g5 49. Bxb6 g4 50. Bb5 Nh2 51. Bxa5 g3 52. Be1 Nf3 53.
Bxg3 Nxd4 54. e6 Nxe6 55. b4 f4  1/2-1/2

[Event "Open Letní Praha 2018 - A"]
[Site "Praha"]
[Date "2018.08.08"]
[Round "7"]
[Board "26"]
[White "Hald, Jens Erik Kofoed"]
[Black "Sommerhalder, Eric"]
[Result "1/2-1/2"]
[WhiteElo "1990"]
[BlackElo "2145"]
[PlyCount "91"]
[EventDate "2018.08.03"]
[EventRounds "9"]
[EventCountry "CZE"]

1. Nf3 g6 2. e4 c5 3. c3 d5 4. exd5 Qxd5 5. d4 Nf6 6. Be2 cxd4 7. cxd4 Bg7 8.
Nc3 Qa5 9. O-O O-O 10. Bf4 Nc6 11. Ne5 Nxe5 12. Bxe5 Be6 13. Bf3 Rad8 14. Re1
Rd7 15. Qe2 Rfd8 16. h3 Qb4 17. d5 Nxd5 18. Bxg7 Nf4 19. Qe4 Qxe4 20. Rxe4
Nxh3+ 21. gxh3 Kxg7 22. h4 Kf8 23. Rd1 Rxd1+ 24. Bxd1 Bxa2 25. Ra4 Be6 26. Rxa7
b5 27. Rb7 Bc4 28. Bf3 Rd2 29. Nxb5 Rxb2 30. Na3 Rxb7 31. Bxb7 Bd3 32. Kg2 Kg7
33. Kf3 Kh6 34. Ke3 Bf1 35. Bf3 g5 36. hxg5+ Kxg5 37. Nb1 f5 38. Nd2 Bb5 39.
Bd5 e5 40. Nf3+ Kf6 41. Bb7 Bd7 42. Bd5 Bb5 43. Nd2 h5 44. Kf3 Kg5 45. Kg3 e4
46. Nxe4+  1/2-1/2

[Event "Open Letní Praha 2018 - A"]
[Site "Praha"]
[Date "2018.08.08"]
[Round "7"]
[Board "27"]
[White "Slacky, Stanislav"]
[Black "Pipia, Ekaterine"]
[Result "1-0"]
[WhiteElo "2138"]
[BlackElo "1979"]
[PlyCount "69"]
[EventDate "2018.08.03"]
[EventRounds "9"]
[EventCountry "CZE"]

1. b3 d5 2. Bb2 c6 3. Nf3 Bf5 4. g3 h6 5. Bg2 e6 6. O-O Nf6 7. d3 Be7 8. c4 O-O
9. Na3 Nbd7 10. Qd2 Bd6 11. Rfd1 Qe7 12. Nc2 e5 13. cxd5 cxd5 14. Nh4 Be6 15.
e4 dxe4 16. dxe4 Bc5 17. Ne3 Rfd8 18. Nhf5 Qf8 19. Qe2 g6 20. Kh1 a5 21. f4
exf4 22. gxf4 gxf5 23. exf5 Re8 24. fxe6 Rxe6 25. Bxb7 Rae8 26. Qg2+ Kh7 27.
Qc2+ Kh8 28. Rxd7 Bxe3 29. Bd5 Bxf4 30. Bxe6 Rxe6 31. Qg2 Kh7 32. Bxf6 Rxf6 33.
Qe4+ Rg6 34. Rg1 Bg5 35. h4  1-0

[Event "Open Letní Praha 2018 - A"]
[Site "Praha"]
[Date "2018.08.08"]
[Round "7"]
[Board "28"]
[White "Shehzad, Shazil"]
[Black "Itgelt, Khuyagtsogt"]
[Result "1/2-1/2"]
[WhiteElo "1972"]
[BlackElo "2119"]
[PlyCount "100"]
[EventDate "2018.08.03"]
[EventRounds "9"]
[EventCountry "CZE"]

1. e4 e6 2. Nf3 d5 3. Nc3 Nf6 4. e5 Nfd7 5. d4 b6 6. Bd3 Ba6 7. Ne2 Bxd3 8.
Qxd3 Be7 9. O-O c5 10. c3 Qc8 11. Bg5 Qa6 12. Qxa6 Nxa6 13. a4 h6 14. Bxe7 Kxe7
15. a5 b5 16. dxc5 Naxc5 17. Ned4 a6 18. Nc6+ Ke8 19. Rad1 Rc8 20. Nfd4 g5 21.
g3 Rg8 22. f3 Nb8 23. Nxb8 Rxb8 24. h3 Kd7 25. Rf2 Rbc8 26. Rc2 Ke7 27. Re1 Nd7
28. Nb3 Rc4 29. Nd4 Rgc8 30. Ree2 Kf8 31. f4 b4 32. f5 bxc3 33. bxc3 Ke7 34.
Rb2 Rxc3 35. Rb7 Rxg3+ 36. Kh2 Rgc3 37. Ra7 R8c4 38. fxe6 fxe6 39. Rd2 Rc7 40.
Rxa6 Nc5 41. Ra8 Ne4 42. Rd1 Ra3 43. Rh8 Ra2+ 44. Kg1 Rc3 45. Rh7+ Ke8 46. Rb1
Rg3+ 47. Kh1 Rxh3+ 48. Kg1 Rg3+ 49. Kh1 Rh3+ 50. Kg1 Rg3+  1/2-1/2

[Event "Open Letní Praha 2018 - A"]
[Site "Praha"]
[Date "2018.08.08"]
[Round "7"]
[Board "29"]
[White "Psaila, Clarence"]
[Black "Dave, Dhyani"]
[Result "1/2-1/2"]
[WhiteElo "1964"]
[BlackElo "2114"]
[PlyCount "72"]
[EventDate "2018.08.03"]
[EventRounds "9"]
[EventCountry "CZE"]

1. Nf3 d5 2. c4 c6 3. d4 e6 4. Qc2 Nf6 5. Nbd2 Nbd7 6. g3 Be7 7. Bg2 O-O 8. O-O
b6 9. e4 dxe4 10. Nxe4 Nxe4 11. Qxe4 Bb7 12. Rd1 Nf6 13. Qc2 Qc8 14. c5 Nd5 15.
Bg5 Qc7 16. Bxe7 Qxe7 17. Ne5 Rfc8 18. Be4 Nf6 19. Bg2 Nd5 20. Rac1 Rc7 21. Qe4
Rd8 22. Bf1 b5 23. Bd3 g6 24. h4 f6 25. Nf3 Qf7 26. Kg2 Bc8 27. h5 g5 28. h6
Re7 29. Rh1 Bd7 30. Rh2 Be8 31. Rch1 Qf8 32. Qg4 Kh8 33. Re1 Qg8 34. Rhh1 Bf7
35. Re2 Rde8 36. Rhe1 Qf8  1/2-1/2

[Event "Open Letní Praha 2018 - A"]
[Site "Praha"]
[Date "2018.08.08"]
[Round "7"]
[Board "30"]
[White "Zemlickova, Olena"]
[Black "Maly, Filip"]
[Result "1-0"]
[WhiteElo "2099"]
[BlackElo "1954"]
[PlyCount "46"]
[EventDate "2018.08.03"]
[EventRounds "9"]
[EventCountry "CZE"]

1. d4 Nf6 2. Nf3 g6 3. Nc3 Bg7 4. e4 d6 5. Be3 O-O 6. Qd2 e5 7. Bg5 exd4 8.
Nxd4 Nc6 9. Nxc6 bxc6 10. Bd3 Rb8 11. Rb1 Qe8 12. O-O Ng4 13. h3 h6 14. Bf4 g5
15. hxg4 gxf4 16. Qxf4 Qe6 17. Be2 Rb4 18. a3 Rb8 19. Qe3 d5 20. exd5 cxd5 21.
Qxa7 Rxb2 22. Rxb2 Bxc3 23. Rb3 d4  1-0

[Event "Open Letní Praha 2018 - A"]
[Site "Praha"]
[Date "2018.08.08"]
[Round "7"]
[Board "31"]
[White "Nguyen, Thai Dai Vinh"]
[Black "Koubova, Anna Marie"]
[Result "1/2-1/2"]
[WhiteElo "1848"]
[BlackElo "2086"]
[PlyCount "61"]
[EventDate "2018.08.03"]
[EventRounds "9"]
[EventCountry "CZE"]

1. e4 c5 2. Nf3 Nc6 3. d4 cxd4 4. Nxd4 g6 5. Nc3 Bg7 6. Be3 Nf6 7. Bc4 O-O 8.
Bb3 d6 9. h3 Na5 10. O-O Bd7 11. Re1 a6 12. Qe2 b5 13. a3 Nxb3 14. Nxb3 Bc6 15.
Qd3 Qc7 16. Nd5 Bxd5 17. exd5 Qc4 18. Rad1 a5 19. Qxc4 bxc4 20. Nd2 c3 21. Nc4
cxb2 22. Bd4 Rac8 23. Ne3 Ne4 24. Bxg7 Kxg7 25. Rb1 Rb8 26. Nc4 Nc3 27. Rxb2
Rxb2 28. Nxb2 Rb8 29. Nc4 Nxd5 30. Nxa5 e6 31. Nc4  1/2-1/2

[Event "Open Letní Praha 2018 - A"]
[Site "Praha"]
[Date "2018.08.09"]
[Round "8"]
[Board "1"]
[White "Plischki, Sebastian"]
[Black "Berchtenbreiter, Maximilian"]
[Result "1/2-1/2"]
[WhiteElo "2407"]
[BlackElo "2430"]
[PlyCount "30"]
[EventDate "2018.08.03"]
[EventRounds "9"]
[EventCountry "CZE"]

1. d4 Nf6 2. Nf3 e6 3. c4 b6 4. e3 Bb7 5. Bd3 Bb4+ 6. Nbd2 O-O 7. O-O d5 8. a3
Bxd2 9. Bxd2 Nbd7 10. b4 dxc4 11. Bxc4 Ne4 12. Rc1 Rc8 13. Bc3 Qf6 14. Ba1 Rfd8
15. Qe2 a5  1/2-1/2

[Event "Open Letní Praha 2018 - A"]
[Site "Praha"]
[Date "2018.08.09"]
[Round "8"]
[Board "2"]
[White "Gasanov, Eldar"]
[Black "Turner, Matthew"]
[Result "1/2-1/2"]
[WhiteElo "2481"]
[BlackElo "2533"]
[PlyCount "29"]
[EventDate "2018.08.03"]
[EventRounds "9"]
[EventCountry "CZE"]

1. d4 Nf6 2. c4 e6 3. Nf3 b6 4. Nc3 Bb4 5. Qb3 c5 6. Bg5 Nc6 7. e3 Ba6 8. d5
Na5 9. Qc2 Bxc4 10. Bxc4 Nxc4 11. O-O-O Bxc3 12. Qxc3 b5 13. e4 O-O 14. Rhe1 h6
15. Bh4  1/2-1/2

[Event "Open Letní Praha 2018 - A"]
[Site "Praha"]
[Date "2018.08.09"]
[Round "8"]
[Board "3"]
[White "Pulpan, Jakub"]
[Black "Jurcik, Marian"]
[Result "0-1"]
[WhiteElo "2400"]
[BlackElo "2455"]
[PlyCount "80"]
[EventDate "2018.08.03"]
[EventRounds "9"]
[EventCountry "CZE"]

1. e4 c5 2. Nf3 Nf6 3. e5 Nd5 4. Nc3 Nxc3 5. dxc3 Nc6 6. Bf4 Qc7 7. Qd2 e6 8.
O-O-O h6 9. h4 a6 10. g4 b5 11. g5 Bb7 12. Bd3 Ne7 13. Qe2 Nd5 14. Bd2 c4 15.
Be4 b4 16. cxb4 c3 17. Bxc3 Nxc3 18. bxc3 Qxc3 19. Qd3 Qxd3 20. cxd3 Bxe4 21.
dxe4 Bxb4 22. gxh6 gxh6 23. Rd4 Bc5 24. Rd2 Rg8 25. Rg1 Rxg1+ 26. Nxg1 Ke7 27.
Nf3 Rg8 28. Rc2 Ba7 29. Kd1 Rg4 30. Ke2 Rxe4+ 31. Kf1 Bb8 32. Rc5 Ra4 33. Rc8
Ba7 34. Rc2 Bb6 35. Rb2 Bd8 36. Kg2 f6 37. exf6+ Kxf6 38. Rb7 d5 39. Rh7 Kg6
40. Rd7 Bf6  0-1

[Event "Open Letní Praha 2018 - A"]
[Site "Praha"]
[Date "2018.08.09"]
[Round "8"]
[Board "4"]
[White "Neuman, Petr"]
[Black "Mirzoeva, Elmira"]
[Result "1-0"]
[WhiteElo "2446"]
[BlackElo "2290"]
[PlyCount "71"]
[EventDate "2018.08.03"]
[EventRounds "9"]
[EventCountry "CZE"]

1. e4 d6 2. d4 Nf6 3. Nc3 Nbd7 4. g4 h6 5. Nf3 Nxg4 6. h3 Ngf6 7. e5 Nh7 8. e6
Ndf6 9. exf7+ Kxf7 10. Bc4+ e6 11. Be3 c6 12. Qe2 Be7 13. O-O-O Re8 14. Rdg1
Bf8 15. Bd3 Ke7 16. Bg6 Kd7 17. Qd3 Ng5 18. Nxg5 hxg5 19. Bxe8+ Qxe8 20. Bxg5
Kc7 21. h4 Bd7 22. Kb1 Nh5 23. Ne2 Qf7 24. Ng3 Nf6 25. h5 Be7 26. h6 gxh6 27.
Rxh6 Rg8 28. f4 Rg7 29. Rh4 d5 30. Rgh1 Bd6 31. a3 b6 32. Ka2 Kb7 33. Bxf6 Qxf6
34. Nh5 Qg6 35. Nxg7 Qxg7 36. Rh7  1-0

[Event "Open Letní Praha 2018 - A"]
[Site "Praha"]
[Date "2018.08.09"]
[Round "8"]
[Board "5"]
[White "Ajay Krishna, S"]
[Black "Yagupov, Igor"]
[Result "0-1"]
[WhiteElo "2200"]
[BlackElo "2405"]
[PlyCount "166"]
[EventDate "2018.08.03"]
[EventRounds "9"]
[EventCountry "CZE"]

1. d4 d5 2. Bf4 Nf6 3. e3 e6 4. Nd2 c5 5. c3 Bd6 6. Bg3 Qc7 7. Bxd6 Qxd6 8. f4
O-O 9. Bd3 Bd7 10. Ngf3 Qb6 11. Qb3 Qc7 12. Bb1 cxd4 13. cxd4 Qa5 14. O-O Bb5
15. Rc1 Na6 16. a4 Be2 17. Bd3 Bxd3 18. Qxd3 Rfc8 19. Qb5 Qb4 20. Rc3 Rxc3 21.
Qxb4 Nxb4 22. bxc3 Nc2 23. Rb1 b6 24. c4 Nxe3 25. c5 h6 26. Ne5 Rc8 27. Rc1 Nf5
28. Nb3 Ne4 29. h3 bxc5 30. dxc5 Rb8 31. c6 Rxb3 32. c7 Nfd6 33. c8=Q+ Nxc8 34.
Rxc8+ Kh7 35. Nxf7 Kg6 36. Rf8 Nf6 37. g4 Rxh3 38. Kg2 Ra3 39. Ne5+ Kh7 40. f5
exf5 41. gxf5 Rxa4 42. Nf7 Ng8 43. Rd8 Rf4 44. Nd6 h5 45. Kg3 Rg4+ 46. Kh3 a5
47. Nf7 d4 48. Ra8 d3 49. Rxa5 Nh6 50. Nxh6 Kxh6 51. Rd5 Kg5 52. Rxd3 Kxf5 53.
Rd5+ Kg6 54. Rb5 Ra4 55. Rc5 Kh6 56. Rc6+ g6 57. Rb6 h4 58. Rb5 g5 59. Rb6+ Kh5
60. Rb5 Ra3+ 61. Kg2 h3+ 62. Kh2 Kh4 63. Rb4+ g4 64. Rc4 Ra2+ 65. Kg1 Rg2+ 66.
Kh1 Re2 67. Rb4 Kg3 68. Rb3+ Kf4 69. Rb4+ Re4 70. Rb8 g3 71. Rf8+ Ke5 72. Re8+
Kd4 73. Rd8+ Kc3 74. Rc8+ Kb4 75. Rb8+ Kc5 76. Rc8+ Kd6 77. Rd8+ Ke7 78. Rd1
Re2 79. Ra1 Kf6 80. Kg1 Kf5 81. Rf1+ Kg4 82. Ra1 h2+ 83. Kh1 Kh3  0-1

[Event "Open Letní Praha 2018 - A"]
[Site "Praha"]
[Date "2018.08.09"]
[Round "8"]
[Board "6"]
[White "Hess, Max"]
[Black "Svanda, Ondrej"]
[Result "1/2-1/2"]
[WhiteElo "2331"]
[BlackElo "2241"]
[PlyCount "62"]
[EventDate "2018.08.03"]
[EventRounds "9"]
[EventCountry "CZE"]

1. d4 Nf6 2. Nf3 e6 3. e3 c5 4. Bd3 d5 5. b3 b6 6. O-O Be7 7. Bb2 Bb7 8. Nbd2
O-O 9. Ne5 Nbd7 10. Qf3 Qc7 11. Qh3 h6 12. Nxd7 Nxd7 13. c4 Bf6 14. cxd5 Bxd5
15. Ne4 Bxe4 16. Bxe4 Rac8 17. Rac1 Qb8 18. Ba3 Rfd8 19. d5 Nf8 20. Rfd1 Qe5
21. Qf3 exd5 22. Bxd5 Ne6 23. g3 Rc7 24. Qe4 Rcd7 25. Qxe5 Bxe5 26. Bf3 Ng5 27.
Bg4 Rxd1+ 28. Rxd1 Rxd1+ 29. Bxd1 Ne4 30. Bf3 Nc3 31. Bb2 Ne2+  1/2-1/2

[Event "Open Letní Praha 2018 - A"]
[Site "Praha"]
[Date "2018.08.09"]
[Round "8"]
[Board "7"]
[White "Phadke, Sohan"]
[Black "Rubes, Jan"]
[Result "0-1"]
[WhiteElo "2245"]
[BlackElo "2306"]
[PlyCount "78"]
[EventDate "2018.08.03"]
[EventRounds "9"]
[EventCountry "CZE"]

1. d4 d5 2. Bf4 c5 3. e3 Nc6 4. c3 Nf6 5. Nd2 e6 6. Ngf3 cxd4 7. exd4 Nh5 8.
Be3 Bd6 9. Ne5 g6 10. Bb5 O-O 11. g4 Ng7 12. Bxc6 bxc6 13. Nb3 Qc7 14. Qd2 f6
15. Nd3 e5 16. h3 e4 17. Nf4 f5 18. g5 Ne6 19. Nxe6 Bxe6 20. Nc5 Rae8 21. f4
exf3 22. O-O-O f4 23. Bf2 Bf5 24. Rde1 Qa5 25. a3 Rb8 26. b4 Qxa3+ 27. Qb2
Qxb2+ 28. Kxb2 a5 29. Kb3 axb4 30. cxb4 Rfe8 31. Rxe8+ Rxe8 32. Re1 Rxe1 33.
Bxe1 Bxh3 34. Nd3 h6 35. gxh6 g5 36. Ne5 Bxe5 37. dxe5 g4 38. e6 g3 39. e7 Bd7
 0-1

[Event "Open Letní Praha 2018 - A"]
[Site "Praha"]
[Date "2018.08.09"]
[Round "8"]
[Board "8"]
[White "Ciolek, Andreas"]
[Black "Olsarova, Karolina"]
[Result "1/2-1/2"]
[WhiteElo "2216"]
[BlackElo "2331"]
[PlyCount "91"]
[EventDate "2018.08.03"]
[EventRounds "9"]
[EventCountry "CZE"]

1. e4 e5 2. Nf3 Nc6 3. d4 exd4 4. Nxd4 Qf6 5. Nb3 Qg6 6. f3 b6 7. Be3 Bb7 8.
Nc3 Nf6 9. Qd2 O-O-O 10. a3 Bd6 11. O-O-O Be5 12. g4 d5 13. Nxd5 Nxd5 14. exd5
Ne7 15. c4 c6 16. Bd3 f5 17. f4 Bc7 18. Nd4 cxd5 19. Nxf5 Qf7 20. c5 d4 21.
Bxd4 Rxd4 22. Nxd4 Bxf4 23. Bf5+ Qxf5 24. Nxf5 Bxd2+ 25. Kxd2 Nxf5 26. gxf5
Rd8+ 27. Ke3 Bxh1 28. Rxh1 bxc5 29. Rc1 Re8+ 30. Kf4 Re2 31. Rxc5+ Kd8 32. Rd5+
Kc8 33. Rc5+ Kd8 34. Rd5+ Kc8 35. Ra5 Kb7 36. Re5 Rf2+ 37. Kg3 Rxb2 38. Re7+
Kb6 39. Rxg7 Rb3+ 40. Kg4 Rxa3 41. f6 Ra1 42. Rg5 Ra4+ 43. Kg3 Ra3+ 44. Kg4
Ra4+ 45. Kg3 Ra3+ 46. Kg4  1/2-1/2

[Event "Open Letní Praha 2018 - A"]
[Site "Praha"]
[Date "2018.08.09"]
[Round "8"]
[Board "9"]
[White "Yandarbiev, Ruslan"]
[Black "Kizatbay, Abyl"]
[Result "1-0"]
[WhiteElo "2314"]
[BlackElo "2205"]
[PlyCount "83"]
[EventDate "2018.08.03"]
[EventRounds "9"]
[EventCountry "CZE"]

1. e4 c5 2. Nf3 d6 3. d4 cxd4 4. Nxd4 Nf6 5. Nc3 a6 6. Be2 e5 7. Nb3 Be7 8. Be3
O-O 9. g4 Be6 10. g5 Nfd7 11. Qd2 b5 12. O-O-O Nc5 13. Nxc5 dxc5 14. Nd5 Nc6
15. Kb1 Nd4 16. c3 Bxd5 17. exd5 Nxe2 18. Qxe2 c4 19. Rhg1 Bd6 20. Qg4 Qc8 21.
h4 Rb8 22. Qxc8 Rfxc8 23. a3 a5 24. Kc2 Rb7 25. Rg4 b4 26. axb4 axb4 27. cxb4
Rxb4 28. Bd2 c3 29. Rxb4 cxd2+ 30. Kb3 Bxb4 31. Kxb4 Kf8 32. Rxd2 Ke7 33. d6+
Kd7 34. Kb5 Rc1 35. b4 Rh1 36. Kc5 Rxh4 37. Ra2 Rf4 38. b5 Rf3 39. Ra7+ Kc8 40.
Rc7+ Kb8 41. b6 Rxf2 42. d7  1-0

[Event "Open Letní Praha 2018 - A"]
[Site "Praha"]
[Date "2018.08.09"]
[Round "8"]
[Board "10"]
[White "Zlatin, Alexander"]
[Black "Gan-Erdene, Sugar"]
[Result "1-0"]
[WhiteElo "2193"]
[BlackElo "2309"]
[PlyCount "115"]
[EventDate "2018.08.03"]
[EventRounds "9"]
[EventCountry "CZE"]

1. e4 c5 2. a3 e6 3. b4 cxb4 4. axb4 Bxb4 5. Bb2 Bf8 6. Nc3 Nc6 7. Nf3 d6 8. d4
d5 9. Bd3 Be7 10. e5 Nh6 11. O-O O-O 12. Bc1 Nf5 13. Bxf5 exf5 14. Ba3 Bxa3 15.
Rxa3 f4 16. Qd2 g5 17. Nb5 Qe7 18. Nxg5 f6 19. Nf3 Kh8 20. Re1 a6 21. exf6 Qxf6
22. Ne5 Rb8 23. Nc3 Ne7 24. Ne2 Ng6 25. Nxg6+ hxg6 26. Rf3 g5 27. h4 gxh4 28.
Nxf4 Rg8 29. Re5 Bf5 30. Nxd5 Qg6 31. Ne3 Bd7 32. d5 Rg7 33. Qd4 Rbg8 34. Re4
Re8 35. Rxh4+ Kg8 36. Rg3 Qf7 37. Rf4 Qe7 38. Re4 Qf8 39. Rxe8 Bxe8 40. Rxg7+
Qxg7 41. Qxg7+ Kxg7 42. Nf5+ Kf6 43. Nd6 Ba4 44. Nxb7 Bxc2 45. d6 Ba4 46. Nc5
Bb5 47. g4 a5 48. g5+ Kxg5 49. d7 Bxd7 50. Nxd7 a4 51. Nc5 a3 52. Ne4+ Kf4 53.
Nc3 Kf3 54. Kf1 Kf4 55. Ke2 Ke5 56. Kd3 Kf4 57. Kc2 Kf3 58. Nd1  1-0

[Event "Open Letní Praha 2018 - A"]
[Site "Praha"]
[Date "2018.08.09"]
[Round "8"]
[Board "12"]
[White "Becker, Matthias"]
[Black "Karthick, Narayanan S"]
[Result "1-0"]
[WhiteElo "2254"]
[BlackElo "1979"]
[PlyCount "75"]
[EventDate "2018.08.03"]
[EventRounds "9"]
[EventCountry "CZE"]

1. d4 Nf6 2. Nf3 c5 3. e3 e6 4. Bd3 b6 5. O-O Bb7 6. c4 Be7 7. Nc3 O-O 8. d5
exd5 9. cxd5 d6 10. e4 Nbd7 11. h3 a6 12. a4 Ne8 13. Nd2 Nc7 14. Nc4 b5 15. Na5
Qb8 16. axb5 axb5 17. Nxb5 Nxb5 18. Bxb5 Nf6 19. Qd3 Qc7 20. Bd2 Rfb8 21. Rfc1
Qb6 22. Bc6 Ba6 23. Qe3 Ra7 24. Bc3 Nd7 25. Bxd7 Rxd7 26. Nc6 Re8 27. Nxe7+
Rdxe7 28. Qg5 f6 29. Bxf6 Rf7 30. Bc3 Rxe4 31. Re1 Rxe1+ 32. Rxe1 Qb8 33. Re6
Qf8 34. Qg3 Rd7 35. Qe3 Kf7 36. Qf4+ Kg8 37. Qe4 Rd8 38. Re7  1-0

[Event "Open Letní Praha 2018 - A"]
[Site "Praha"]
[Date "2018.08.09"]
[Round "8"]
[Board "13"]
[White "Sprenar, Petr"]
[Black "Olson, Hamish"]
[Result "1/2-1/2"]
[WhiteElo "2210"]
[BlackElo "2241"]
[PlyCount "96"]
[EventDate "2018.08.03"]
[EventRounds "9"]
[EventCountry "CZE"]

1. d4 d5 2. c4 e6 3. Nf3 Nf6 4. g3 Be7 5. Bg2 O-O 6. O-O dxc4 7. Qc2 b6 8. Ne5
Qxd4 9. Bxa8 Qxe5 10. Bf3 Nd5 11. Qxc4 Ba6 12. Qe4 Nc6 13. Nc3 Nxc3 14. bxc3
Qxc3 15. Qxc6 Qxa1 16. Bg5 Qxf1+ 17. Kxf1 Bxg5 18. Qxc7 Rd8 19. Qxa7 Bc4 20.
Qxb6 Bxa2 21. Qa5 Bd5 22. e4 Bc4+ 23. Kg2 e5 24. Qxe5 Bf6 25. Qc5 Be6 26. e5
Rc8 27. Qd4 Be7 28. Be4 g6 29. h3 h5 30. Bf3 Rc2 31. Be4 Rc5 32. g4 hxg4 33.
hxg4 Rc4 34. Qd3 Ra4 35. f3 Ra2+ 36. Kg3 Ra3 37. Qd2 Ra7 38. Qe3 Ra5 39. Qc3
Rc5 40. Qd4 Bf8 41. f4 Rc4 42. Qd3 Ra4 43. Bf3 Ra3 44. Qd2 Bc8 45. Qb2 Be6 46.
Qd4 Bc8 47. Qe4 Rb3 48. Qc6 Bb7  1/2-1/2

[Event "Open Letní Praha 2018 - A"]
[Site "Praha"]
[Date "2018.08.09"]
[Round "8"]
[Board "14"]
[White "Skalsky, Alexandr"]
[Black "Toman, Ondrej"]
[Result "0-1"]
[WhiteElo "2177"]
[BlackElo "2231"]
[PlyCount "94"]
[EventDate "2018.08.03"]
[EventRounds "9"]
[EventCountry "CZE"]

1. e4 c6 2. d4 d5 3. exd5 cxd5 4. c4 Nf6 5. Nc3 Nc6 6. Nf3 e6 7. a3 Be7 8. cxd5
exd5 9. Ne5 O-O 10. Nxc6 bxc6 11. Bd3 a5 12. O-O Ba6 13. Bxa6 Rxa6 14. Na4 Ne4
15. Qd3 Ra7 16. Bf4 Bd6 17. Bxd6 Qxd6 18. Rac1 Re7 19. Rc2 Rfe8 20. h3 Nf6 21.
Nc5 Nh5 22. g3 g6 23. Qf3 Ng7 24. Rd1 Nf5 25. Qf4 Re1+ 26. Rxe1 Rxe1+ 27. Kg2
Qxf4 28. gxf4 Nxd4 29. Rd2 Ne6 30. Nxe6 fxe6 31. Rc2 Kf7 32. Rxc6 Kf6 33. Kf3
Rh1 34. Kg2 Rd1 35. Ra6 Rd2 36. b4 axb4 37. axb4 Rd4 38. b5 Rxf4 39. Ra8 Rb4
40. Rb8 Ke5 41. b6 d4 42. f3 Kf4 43. b7 Rb2+ 44. Kf1 Ke3 45. f4 d3 46. Re8 d2
47. Rxe6+ Kf3  0-1